[Event "Open de la Loire 2012-2013"]
[Site "Loire"]
[Date "2012.11.10"]
[Round "4.2"]
[White "Bastien, Daniel"]
[Black "Peyssonneaux, Norbert"]
[Result "1-0"]
[WhiteElo "1690"]
[BlackElo "1530"]
[PlyCount "129"]
[EventDate "2012.??.??"]

1. c4 e5 2. Nc3 Nf6 3. Nf3 Nc6 4. g3 Bc5 5. Na4 Be7 6. Bg2 d6 7. Nc3 Be6 8. b3
Qd7 9. Ng5 Bf5 10. O-O h6 11. Nf3 Bh3 12. d3 Bxg2 13. Kxg2 g5 14. e4 g4 15. Nh4
Nh7 16. Nf5 h5 17. Nd5 O-O-O 18. Nfxe7+ Nxe7 19. Nxe7+ Qxe7 20. a3 Rdg8 21. Be3
Kb8 22. b4 h4 23. b5 hxg3 24. fxg3 Ng5 25. Bxg5 Qxg5 26. Qe2 Qh5 27. Kg1 Qg6
28. Rf2 Rh7 29. Ra2 Rgh8 30. Qe3 Qh5 31. a4 f6 32. a5 Qh6 33. Qxh6 Rxh6 34. Rf5
Kc8 35. Raf2 Rf8 36. Ra2 Kd7 37. Rc2 Ra8 38. Rff2 c6 39. Rf1 cxb5 40. cxb5 Rc8
41. Rfc1 Rxc2 42. Rxc2 Rh8 43. Kg2 Rc8 44. Rc4 Rc5 45. Rxc5 dxc5 46. h3 gxh3+
47. Kxh3 Ke6 48. Kg4 Kf7 49. Kf5 Kg7 50. g4 Kf7 51. g5 fxg5 52. Kxg5 Ke6 53.
Kg6 Ke7 54. Kf5 b6 55. a6 Kf7 56. Kxe5 Ke7 57. Kd5 Kd7 58. d4 cxd4 59. Kxd4 Kd6
60. e5+ Ke6 61. Ke4 Ke7 62. Kd5 Kd7 63. e6+ Kc7 64. Ke5 Kc8 65. Kf6 1-0

[Event "Open de la Loire 2012-2013"]
[Site "Loire"]
[Date "2012.11.10"]
[Round "4.3"]
[White "Campoy, Juan"]
[Black "Joly, Christian"]
[Result "1-0"]
[WhiteElo "1430"]
[BlackElo "1690"]
[PlyCount "59"]
[EventDate "2012.??.??"]

1. e4 d6 2. Nf3 Nf6 3. d3 c5 4. c4 Bg4 5. Be2 g6 6. Nc3 Bg7 7. Bd2 O-O 8. O-O
Nc6 9. a3 a6 10. Rb1 Rb8 11. h3 Bxf3 12. Bxf3 b5 13. Nd5 Ne5 14. Bc3 bxc4 15.
Bxe5 dxe5 16. dxc4 Nd7 17. Qc2 e6 18. Nc3 f5 19. Rfd1 Qc8 20. exf5 exf5 21. Nd5
Rf7 22. b4 e4 23. Be2 Bd4 24. Qd2 Nb6 25. Qg5 Nxd5 26. cxd5 Qd8 27. Qxd8+ Rxd8
28. bxc5 Rxd5 29. Bc4 Rdd7 30. c6 1-0

[Event "Open de la Loire 2012-2013"]
[Site "Loire"]
[Date "2012.11.10"]
[Round "4.4"]
[White "Rann, Raphael"]
[Black "Fournier, Gerald"]
[Result "1-0"]
[WhiteElo "1660"]
[BlackElo "1499"]
[PlyCount "65"]
[EventDate "2012.??.??"]

1. e4 c5 2. Nc3 Nc6 3. g3 g6 4. Bg2 Bg7 5. Nf3 d6 6. O-O Bg4 7. h3 Bd7 8. d3 f5
9. exf5 Bxf5 10. Nh4 Be6 11. Re1 Qd7 12. Kh2 Nf6 13. Qe2 Nd4 14. Qd1 Bf7 15.
Ne2 e5 16. f4 Be6 17. fxe5 dxe5 18. c3 Nf5 19. Nxf5 Bxf5 20. d4 Rd8 21. Qb3 Ne4
22. Ng1 Be6 23. c4 Nd6 24. d5 Bf5 25. Bf4 Nf7 26. Nf3 Qc7 27. Qc3 O-O 28. Nxe5
Qc8 29. Qd2 Nd6 30. Rad1 Bxe5 31. Rxe5 Nxc4 32. Qc3 Nxe5 33. Qxe5 1-0

[Event "Open de la Loire 2012-2013"]
[Site "Loire"]
[Date "2012.11.10"]
[Round "4.5"]
[White "Guichard, Thomas"]
[Black "Rasle, Corentin"]
[Result "0-1"]
[WhiteElo "1499"]
[BlackElo "1660"]
[PlyCount "67"]
[EventDate "2012.??.??"]

1. e4 e6 2. d4 d5 3. e5 c5 4. c3 Qb6 5. Nf3 Nc6 6. Be2 Nge7 7. O-O cxd4 8. cxd4
Nf5 9. Be3 Qxb2 10. Nbd2 Nfxd4 11. Rb1 Nxe2+ 12. Qxe2 Qa3 13. Nb3 Be7 14. Qc2
O-O 15. Bg5 f6 16. exf6 Bxf6 17. Nc5 Qc3 18. Qxc3 Bxc3 19. Nxb7 Bxb7 20. Rxb7
Bf6 21. Bxf6 Rxf6 22. Rc7 Na5 23. Ne5 Rf5 24. f4 Rff8 25. Rfc1 Rxf4 26. R1c5
Nc4 27. Nc6 Raf8 28. h3 a5 29. Nxa5 Nxa5 30. Rxa5 d4 31. Rc6 d3 32. Rxe6 d2 33.
Rd6 Rf1+ 34. Kh2 0-1

[Event "Open de la Loire 2012-2013"]
[Site "Loire"]
[Date "2012.11.10"]
[Round "4.6"]
[White "Boeuf, Jean-Julien"]
[Black "Liogier, Pascal"]
[Result "0-1"]
[WhiteElo "1560"]
[BlackElo "1630"]
[PlyCount "56"]
[EventDate "2012.??.??"]

1. Nf3 c6 2. c4 d5 3. b3 Bf5 4. g3 e6 5. Bg2 Bc5 6. O-O Nf6 7. d4 Bb6 8. Ba3 h5
9. h4 Ne4 10. e3 Nd7 11. Nfd2 Ndf6 12. c5 Bc7 13. Re1 Rh6 14. Nf1 Rg6 15. Bf3
Bg4 16. Nh2 Qe7 17. b4 Nxg3 18. Bxg4 Nxg4 19. fxg3 Nxh2 20. Qxh5 O-O-O 21. e4
Rxg3+ 22. Kh1 Nf3 23. Rf1 dxe4 24. b5 Qxh4+ 25. Qxh4 Nxh4 26. bxc6 bxc6 27.
Rxf7 Nf3 28. Bb2 Rg1# 0-1

[Event "Open de la Loire 2012-2013"]
[Site "Loire"]
[Date "2012.11.10"]
[Round "4.7"]
[White "Megnot, Philippe"]
[Black "Philip, Sylvain"]
[Result "1-0"]
[WhiteElo "1480"]
[BlackElo "1599"]
[PlyCount "109"]
[EventDate "2012.??.??"]

1. Nf3 Nf6 2. d4 g6 3. Nc3 Bg7 4. e4 d6 5. Bg5 h6 6. Be3 O-O 7. Be2 Nc6 8. h3
e5 9. d5 Ne7 10. Qd2 Kh7 11. g4 Nd7 12. Nh4 a6 13. Ng2 b5 14. h4 f5 15. gxf5
gxf5 16. f3 f4 17. Bf2 Nb6 18. h5 b4 19. Nd1 a5 20. b3 c6 21. dxc6 Nxc6 22. Nh4
Nd4 23. Bxd4 exd4 24. Bd3 Kg8 25. Nf2 d5 26. Ng6 Rf7 27. a4 bxa3 28. Rxa3 a4
29. Qb4 Bb7 30. bxa4 dxe4 31. Nxe4 Nd5 32. Qb3 Qa5+ 33. Ke2 Nb4 34. Nd6 Bd5 35.
Bc4 Rf6 36. Bxd5+ Nxd5 37. Ne4 Rc6 38. Ne7+ Kh8 39. Nxc6 Qa6+ 40. Qb5 Qxb5+ 41.
axb5 Rxa3 42. Rb1 d3+ 43. cxd3 Ra2+ 44. Kd1 Ne3+ 45. Ke1 Rh2 46. Rb3 Nc2+ 47.
Kd1 Ne3+ 48. Ke1 Nc2+ 49. Kf1 Ne3+ 50. Kg1 Rxh5 51. b6 Nf5 52. b7 Nd4 53. b8=Q+
Kh7 54. Nxd4 Bxd4+ 55. Kg2 1-0

[Event "Open de la Loire 2012-2013"]
[Site "Loire"]
[Date "2012.11.10"]
[Round "4.8"]
[White "Pradel, Philippe"]
[Black "Acikgoz, Tuncay"]
[Result "1/2-1/2"]
[WhiteElo "1590"]
[BlackElo "1420"]
[PlyCount "63"]
[EventDate "2012.??.??"]

1. d4 d5 2. Bg5 Nf6 3. Nf3 g6 4. Nbd2 Bg7 5. e3 O-O 6. Bd3 Nbd7 7. O-O c5 8. c3
Re8 9. Bb5 cxd4 10. exd4 a6 11. Ba4 b5 12. Bb3 Bb7 13. Re1 Qc7 14. Ne5 Nxe5 15.
dxe5 Ne4 16. Nxe4 dxe4 17. Bc2 f6 18. exf6 exf6 19. Be3 f5 20. Bb3+ Kh8 21. Bd4
Rad8 22. Bxg7+ Qxg7 23. Qe2 Rd7 24. f4 Red8 25. Rad1 Bd5 26. Qc2 Bxb3 27. Qxb3
Rxd1 28. Rxd1 Rxd1+ 29. Qxd1 Qa7+ 30. Kf1 Qe3 31. Qd8+ Kg7 32. Qe7+ 1/2-1/2

[Event "Open de la Loire 2012-2013"]
[Site "Loire"]
[Date "2012.11.10"]
[Round "4.9"]
[White "Brachet, Gerard"]
[Black "Boeuf, Jeremy"]
[Result "1/2-1/2"]
[WhiteElo "1350"]
[BlackElo "1601"]
[PlyCount "54"]
[EventDate "2012.??.??"]

1. e4 d5 2. exd5 Qxd5 3. Nc3 Qa5 4. Nf3 Bg4 5. Be2 Nf6 6. O-O Nbd7 7. d4 c6 8.
Bd2 Qc7 9. Re1 e6 10. Ne5 Nxe5 11. dxe5 Bxe2 12. Rxe2 Nd7 13. Bf4 O-O-O 14. Qe1
Bb4 15. a3 Bxc3 16. Qxc3 Nb6 17. b3 Nd5 18. Qg3 Nxf4 19. Qxf4 Rd5 20. c4 Rd3
21. b4 Rhd8 22. Rae1 R3d4 23. Qc1 R8d7 24. Qc2 g6 25. Re4 Rd2 26. Qa4 Qb6 27.
c5 Qc7 1/2-1/2

[Event "Open de la Loire 2012-2013"]
[Site "Loire"]
[Date "2012.11.10"]
[Round "4.10"]
[White "Fauvin, David"]
[Black "Bacyk, Bruno"]
[Result "1-0"]
[WhiteElo "1540"]
[BlackElo "1499"]
[PlyCount "39"]
[EventDate "2012.??.??"]

1. c4 e6 2. d4 b6 3. Nc3 Bb7 4. e4 Bb4 5. Qc2 Qh4 6. Bd3 Qg4 7. f3 Qh4+ 8. g3
Qe7 9. Bd2 Nc6 10. Be3 O-O-O 11. O-O-O f5 12. Nge2 Bxc3 13. Nxc3 Nb4 14. Qa4
Nxd3+ 15. Rxd3 Kb8 16. d5 fxe4 17. fxe4 Nf6 18. Nb5 a6 19. Nxc7 Kxc7 20. d6+
1-0

[Event "Open de la Loire 2012-2013"]
[Site "Loire"]
[Date "2012.11.10"]
[Round "4.11"]
[White "Minchilli, Franco"]
[Black "Grischy, Quentin"]
[Result "1-0"]
[WhiteElo "1650"]
[BlackElo "1370"]
[PlyCount "39"]
[EventDate "2012.??.??"]

1. e4 c5 2. Nf3 Nc6 3. g3 e5 4. Bg2 Nf6 5. d3 d6 6. O-O Be7 7. Nc3 Nd4 8. Ne2
Nxf3+ 9. Bxf3 Bh3 10. Re1 h6 11. c3 Qd7 12. d4 g5 13. dxe5 g4 14. Bh1 Nh5 15.
exd6 Bxd6 16. b4 c4 17. Qd4 Rf8 18. Qxc4 Rc8 19. Qd4 b6 20. Bxh6 1-0

[Event "Open de la Loire 2012-2013"]
[Site "Loire"]
[Date "2012.11.10"]
[Round "4.12"]
[White "Piper, Stephane"]
[Black "Daillere, Roland"]
[Result "1-0"]
[WhiteElo "1636"]
[BlackElo "1270"]
[PlyCount "63"]
[EventDate "2012.??.??"]

1. c4 e5 2. g3 Nf6 3. Bg2 d5 4. cxd5 Nxd5 5. d4 Nc6 6. dxe5 Be6 7. f4 Bc5 8. f5
Bxf5 9. Qxd5 Qxd5 10. Bxd5 Rd8 11. Bxc6+ bxc6 12. Nf3 Bc2 13. Nc3 O-O 14. Bg5
Rde8 15. Rc1 Bf5 16. Rd1 Bg4 17. Bf4 Bxf3 18. exf3 g5 19. Bc1 Rxe5+ 20. Kf1
Rfe8 21. Ne4 g4 22. Nf6+ Kg7 23. Nxe8+ Rxe8 24. fxg4 Re5 25. Kg2 Rg5 26. Rd7
Rxg4 27. Rf1 h6 28. Rfxf7+ Kg6 29. Rg7+ Kf5 30. Rxg4 Kxg4 31. Rxc7 Bd6 32. Rxc6
1-0

[Event "Open de la Loire 2012-2013"]
[Site "Loire"]
[Date "2012.11.10"]
[Round "4.13"]
[White "Mialon, Franck"]
[Black "Allabrune, Guillaume"]
[Result "1-0"]
[WhiteElo "1390"]
[BlackElo "1560"]
[PlyCount "69"]
[EventDate "2012.??.??"]

1. e4 b6 2. d4 e6 3. Nf3 Bb7 4. Be2 Bxe4 5. O-O Nf6 6. Bg5 g6 7. Nc3 Bb7 8. Bd3
d6 9. Be4 Bxe4 10. Nxe4 Nbd7 11. Qd3 Bg7 12. Rae1 O-O 13. Qd2 Nxe4 14. Rxe4 Nf6
15. Rh4 c5 16. Bh6 Bxh6 17. Qxh6 Re8 18. Ng5 cxd4 19. Nxh7 Nxh7 20. Qxh7+ Kf8
21. Qh8+ Ke7 22. Qxd4 Rh8 23. Rxh8 Qxh8 24. Qe4 Rb8 25. f4 Qxb2 26. f5 gxf5 27.
Rxf5 f6 28. Rf1 f5 29. Rxf5 Qxa2 30. Rf1 Qd5 31. Qh7+ Ke8 32. Qh8+ Ke7 33. Qxb8
Qd4+ 34. Kh1 e5 35. Qf8+ 1-0

[Event "Open de la Loire 2012-2013"]
[Site "Loire"]
[Date "2012.11.10"]
[Round "4.14"]
[White "Ferreira, Antoine"]
[Black "Martin, Julien"]
[Result "0-1"]
[WhiteElo "1099"]
[BlackElo "1460"]
[PlyCount "46"]
[EventDate "2012.??.??"]

1. e4 e5 2. Nf3 d6 3. Nc3 Nf6 4. d3 Nc6 5. Bg5 Be7 6. Bxf6 Bxf6 7. Qe2 O-O 8.
O-O-O Bg4 9. h3 Nd4 10. Qe3 Bxf3 11. gxf3 Bg5 12. Rg1 Bxe3+ 13. fxe3 Nxf3 14.
Rg3 Qf6 15. Nd5 Qh6 16. Ne7+ Kh8 17. Nf5 Qf6 18. Rxg7 Nh4 19. Rg3 Nxf5 20. exf5
Qxf5 21. e4 Qf4+ 22. Rd2 Qxg3 23. Rg2 Qe1# 0-1

[Event "Open de la Loire 2012-2013"]
[Site "Loire"]
[Date "2012.11.10"]
[Round "4.15"]
[White "Ben Habchi, Nordine"]
[Black "Thizy, Nicolas"]
[Result "1-0"]
[WhiteElo "1440"]
[BlackElo "1330"]
[PlyCount "117"]
[EventDate "2012.??.??"]

1. e4 e5 2. Bc4 Nc6 3. c3 Nf6 4. d3 d6 5. Qb3 Qe7 6. Bg5 b6 7. Bd5 Bb7 8. Nf3
h6 9. Be3 Na5 10. Qa4+ c6 11. Bb3 Qc7 12. Bd1 Ba6 13. c4 b5 14. cxb5 Bxb5 15.
Qc2 Rb8 16. b3 d5 17. exd5 Nxd5 18. O-O e4 19. Nc3 Bxd3 20. Nxd5 Qd6 21. Qc3
Bxf1 22. Kxf1 Qxd5 23. Nd2 Qd3+ 24. Qxd3 exd3 25. Bxa7 Ra8 26. Bd4 c5 27. Be3
Bd6 28. Bf3 Ra7 29. Re1 O-O 30. Ne4 Be7 31. Nxc5 Rd8 32. Na4 Bg5 33. Bxa7 Rd7
34. Bb6 Nb7 35. Bxb7 Rxb7 36. Rd1 d2 37. Be3 Rc7 38. Rxd2 Rc1+ 39. Ke2 Ra1 40.
Bxg5 hxg5 41. g3 Rh1 42. h4 gxh4 43. gxh4 Rxh4 44. Nc5 f5 45. Ne6 Re4+ 46. Kf3
Rxe6 47. Kf4 g6 48. Kg5 Kg7 49. Rd7+ Kf8 50. a4 Rb6 51. Rd3 Ke7 52. a5 Ra6 53.
b4 Kf7 54. Rd5 Ke6 55. Rb5 Kf7 56. Rb6 Ra7 57. a6 Kg8 58. b5 Kf8 59. Rb7 1-0

[Event "Open de la Loire 2012-2013"]
[Site "Loire"]
[Date "2012.11.10"]
[Round "4.16"]
[White "Trottet, Francois"]
[Black "Lempereur, Theo"]
[Result "1-0"]
[WhiteElo "1430"]
[BlackElo "1250"]
[PlyCount "97"]
[EventDate "2012.??.??"]

1. e4 e5 2. Nf3 Nc6 3. Bb5 d6 4. O-O Bg4 5. c3 Nf6 6. Re1 a6 7. Ba4 Be7 8. d4
b5 9. Bb3 O-O 10. d5 Na5 11. Bc2 c5 12. b4 Nc4 13. bxc5 dxc5 14. a4 b4 15. Bd3
Nd6 16. cxb4 cxb4 17. a5 Rb8 18. h3 Bh5 19. g4 Bxg4 20. hxg4 Nxg4 21. Nh2 Nxh2
22. Kxh2 Bh4 23. Be3 f5 24. exf5 Nxf5 25. Bxf5 Rxf5 26. Qg4 Qf6 27. Re2 Bxf2
28. Bxf2 Rxf2+ 29. Rxf2 Qxf2+ 30. Qg2 Qxg2+ 31. Kxg2 Kf7 32. Nd2 g5 33. Rf1+
Ke7 34. Nb3 h5 35. Rf5 e4 36. Rxg5 Rb5 37. Rxh5 Kd6 38. Rh6+ Kxd5 39. Rxa6 Kc4
40. Nd2+ Kd3 41. Rd6+ Kc3 42. Nxe4+ Kc2 43. Rd2+ Kc1 44. a6 Ra5 45. Rd6 b3 46.
Nc3 b2 47. Rb6 Ra2 48. Nxa2+ Kc2 49. a7 1-0

[Event "Open de la Loire 2012-2013"]
[Site "Loire"]
[Date "2012.11.10"]
[Round "4.17"]
[White "Barrandon, Georges"]
[Black "Bruyere, Jean Baptiste"]
[Result "1-0"]
[WhiteElo "1400"]
[BlackElo "1199"]
[PlyCount "77"]
[EventDate "2012.??.??"]

1. d4 d5 2. Bf4 Nc6 3. e3 Bf5 4. a3 f6 5. Nf3 e5 6. dxe5 fxe5 7. Nxe5 Bd6 8.
Bb5 a6 9. Bxc6+ bxc6 10. Nxc6 Qf6 11. Nc3 Bxf4 12. Qxd5 Be6 13. Qd2 Bf5 14. Nd4
Ne7 15. exf4 O-O 16. Nxf5 Qxf5 17. O-O Rad8 18. Qe2 Qxf4 19. Qxe7 Rd2 20. Qe3
Qd6 21. Ne4 Qe6 22. Nxd2 Qd6 23. Rad1 Rf6 24. Ne4 Qe6 25. Nxf6+ Qxf6 26. Qe8+
Qf8 27. Rd8 Qxe8 28. Rxe8+ Kf7 29. Rfe1 g5 30. R1e6 h5 31. f3 g4 32. fxg4 hxg4
33. Kf2 c5 34. Kg3 a5 35. Kxg4 c4 36. R8e7+ Kg8 37. Kg5 a4 38. Kg6 c3 39. Re8#
1-0

[Event "Open de la Loire 2012-2013"]
[Site "Loire"]
[Date "2012.11.10"]
[Round "4.18"]
[White "Legendre, Julien"]
[Black "Rogues, Jean-Luc"]
[Result "0-1"]
[WhiteElo "1499"]
[BlackElo "1400"]
[PlyCount "82"]
[EventDate "2012.??.??"]

1. d4 d5 2. c3 Bf5 3. e3 Nf6 4. Bd3 Qd7 5. Bxf5 Qxf5 6. f4 Nc6 7. Nf3 Ne4 8.
O-O g6 9. Ne5 Qe6 10. Nd2 Nxd2 11. Bxd2 f6 12. Nd3 Qd6 13. f5 O-O-O 14. Nc5 b6
15. Ne6 Rd7 16. Nxf8 Rxf8 17. a4 e5 18. fxg6 hxg6 19. Be1 f5 20. Bg3 f4 21.
exf4 exf4 22. Bh4 Kb7 23. Bg5 Rf5 24. h4 Rdf7 25. Rf3 Na5 26. b3 Qe6 27. Qc2
Qe4 28. Qb2 Kb8 29. Kf2 Qe6 30. Re1 Qc6 31. b4 Nc4 32. b5 Qb7 33. Qe2 Ne3 34.
Rb1 c6 35. bxc6 Qxc6 36. Qa6 Nc4 37. a5 Qb7 38. Qb5 Nd2 39. a6 Qd7 40. Re1 Qxb5
41. Re8+ Qxe8 0-1

[Event "Open de la Loire 2012-2013"]
[Site "Loire"]
[Date "2012.11.10"]
[Round "4.19"]
[White "Niceto, Pierrick"]
[Black "Choquelle, Jean"]
[Result "1-0"]
[WhiteElo "1170"]
[BlackElo "1230"]
[PlyCount "43"]
[EventDate "2012.??.??"]

1. e4 e5 2. Nf3 Nc6 3. Bc4 Qf6 4. Nc3 Nge7 5. d3 Nd4 6. Bg5 Qb6 7. Nxe5 Qxb2 8.
O-O Qa3 9. Nb5 Qc5 10. Nxd4 Qxe5 11. Nf3 Qa5 12. Rb1 c6 13. d4 d5 14. exd5 cxd5
15. Bb5+ Bd7 16. Qd3 Nf5 17. Rfe1+ Be7 18. Bxd7+ Kxd7 19. Qxf5+ Kc6 20. Ne5+
Kc7 21. Qd7+ Kb8 22. Qxb7# 1-0

[Event "Open de la Loire 2012-2013"]
[Site "Loire"]
[Date "2012.11.10"]
[Round "4.20"]
[White "Poyet, Louis"]
[Black "Dugelay, Alain"]
[Result "1-0"]
[WhiteElo "1140"]
[BlackElo "1230"]
[PlyCount "85"]
[EventDate "2012.??.??"]

1. e4 c6 2. d4 d5 3. f3 e6 4. a3 c5 5. c3 Nf6 6. Bd3 Be7 7. Ne2 O-O 8. Bg5 h6
9. Bxf6 Bxf6 10. e5 c4 11. Bc2 Be7 12. O-O Nc6 13. Nd2 Bg5 14. b4 f6 15. b5 Na5
16. f4 Bh4 17. Nf3 f5 18. Nxh4 Qxh4 19. Qe1 Qxe1 20. Rfxe1 Bd7 21. a4 b6 22.
Ng3 Be8 23. Bd1 g6 24. h4 h5 25. Rb1 Rb8 26. Be2 Nb3 27. Bd1 Na5 28. Rb4 Bf7
29. Be2 Rbc8 30. Nf1 Be8 31. Ne3 Ra8 32. Nxd5 exd5 33. Bf3 Bf7 34. e6 Rfe8 35.
Bxd5 Kg7 36. Bxa8 Rxe6 37. Rxe6 Bxe6 38. Rb2 Kf6 39. d5 Bd7 40. Bc6 Bc8 41. d6
Nxc6 42. bxc6 g5 43. g3 1-0

[Event "Open de la Loire 2012-2013"]
[Site "Loire"]
[Date "2013.01.19"]
[Round "5.1"]
[White "Campoy, Juan"]
[Black "Buisson, Sebastien"]
[Result "1/2-1/2"]
[WhiteElo "1560"]
[BlackElo "1680"]
[PlyCount "31"]
[EventDate "2013.??.??"]

1. e4 c5 2. d3 Nc6 3. Nf3 g6 4. Nc3 Bg7 5. Bd2 d6 6. Be2 e6 7. O-O Nge7 8. Rb1
O-O 9. a3 Nd4 10. Re1 Nec6 11. h3 Nxf3+ 12. Bxf3 Nd4 13. Na2 Bd7 14. Bc3 Bc6
15. Nc1 Nxf3+ 16. Qxf3 1/2-1/2

[Event "Open de la Loire 2012-2013"]
[Site "Loire"]
[Date "2013.01.19"]
[Round "5.2"]
[White "Liogier, Pascal"]
[Black "Bastien, Daniel"]
[Result "0-1"]
[WhiteElo "1630"]
[BlackElo "1760"]
[PlyCount "142"]
[EventDate "2013.??.??"]

1. d4 d6 2. Nc3 g6 3. Bg5 c6 4. e4 Bg7 5. Bc4 Nd7 6. Nf3 Nb6 7. Bb3 Bg4 8. h3
Bxf3 9. Qxf3 Nf6 10. O-O O-O 11. Rad1 Qc7 12. Rfe1 h6 13. Bh4 Nh7 14. Nb1 e6
15. c3 d5 16. e5 Qd7 17. Qe3 Nc8 18. Bc2 Ne7 19. Bxe7 Qxe7 20. Nd2 Rae8 21. Nb3
b6 22. Nd2 Qg5 23. Nf3 Qxe3 24. Rxe3 Rc8 25. Nh2 c5 26. Rf3 cxd4 27. Rxd4 Bxe5
28. Ra4 Bxh2+ 29. Kxh2 Rc7 30. h4 f5 31. g4 Rff7 32. Re3 Rfe7 33. Re5 Nf6 34.
gxf5 gxf5 35. Kg2 Ng4 36. Rxe6 Rxe6 37. Bxf5 Ree7 38. Bxg4 Re4 39. Rxe4 dxe4
40. Be6+ Kg7 41. Bd5 Re7 42. b4 Kf6 43. Kg3 Ke5 44. Bc6 Rg7+ 45. Kh3 Kf4 46. a4
Rc7 47. b5 Rg7 48. c4 Rg1 49. a5 Rc1 50. axb6 axb6 51. Bd5 Rc3+ 52. Kg2 e3 53.
fxe3+ Rxe3 54. h5 Rc3 55. Kf2 Rc2+ 56. Ke1 Ke3 57. Kd1 Rc3 58. Bf7 Kd4 59. Kd2
Rxc4 60. Bxc4 Kxc4 61. Kc2 Kxb5 62. Kb3 Kc5 63. Kc3 Kd5 64. Kb4 Ke5 65. Kb5 Kf5
66. Kxb6 Kg5 67. Kc5 Kxh5 68. Kd4 Kg4 69. Ke3 Kg3 70. Ke2 Kg2 71. Ke3 h5 0-1

[Event "Open de la Loire 2012-2013"]
[Site "Loire"]
[Date "2013.01.19"]
[Round "5.3"]
[White "Rasle, Corentin"]
[Black "Rann, Raphael"]
[Result "0-1"]
[WhiteElo "1630"]
[BlackElo "1660"]
[PlyCount "86"]
[EventDate "2013.??.??"]

1. d4 Nf6 2. c4 c5 3. d5 d6 4. Nc3 g6 5. e4 Bg7 6. Bd3 Na6 7. a3 Nc7 8. Nge2 e5
9. Bg5 h6 10. Bxf6 Qxf6 11. O-O g5 12. b4 Na6 13. Rb1 O-O 14. Na4 b6 15. bxc5
bxc5 16. Nac3 Nc7 17. Bc2 Qd8 18. Ba4 Bd7 19. Qc2 Qc8 20. Rb2 f5 21. Rfb1 f4
22. f3 g4 23. Kf2 Bf6 24. Ke1 Bh4+ 25. Kd2 Bf2 26. Kd3 gxf3 27. gxf3 Bxa4 28.
Qxa4 Qh3 29. Ng1 Bxg1 30. Rxg1+ Kh8 31. Qd1 Ne8 32. Rf2 Nf6 33. Qf1 Qh5 34. h3
Rab8 35. Nb5 a6 36. Nxd6 Rb3+ 37. Ke2 Rfb8 38. Kd2 Rb2+ 39. Ke1 Rb1+ 40. Kd2
R8b2+ 41. Kd3 Rxf1 42. Rxb2 Qxf3+ 43. Kd2 Rf2+ 0-1

[Event "Open de la Loire 2012-2013"]
[Site "Loire"]
[Date "2013.01.19"]
[Round "5.4"]
[White "Acikgoz, Tuncay"]
[Black "Megnot, Philippe"]
[Result "0-1"]
[WhiteElo "1630"]
[BlackElo "1550"]
[PlyCount "90"]
[EventDate "2013.??.??"]

1. d4 d5 2. Nf3 Nf6 3. c3 g6 4. g3 Bg7 5. Bg2 Nbd7 6. O-O O-O 7. Bf4 Re8 8.
Nbd2 h6 9. Nb3 Nh7 10. Re1 g5 11. Bc1 e5 12. e4 exd4 13. Nfxd4 dxe4 14. Rxe4
Rxe4 15. Bxe4 Nhf6 16. Bg2 Nf8 17. Be3 Ng4 18. Nc2 Qf6 19. Bd4 Qg6 20. Bxg7
Kxg7 21. Ncd4 Qb6 22. Qf3 c5 23. Nf5+ Bxf5 24. Qxf5 Nf6 25. Qxc5 Qxc5 26. Nxc5
Rb8 27. Rb1 b6 28. Nb3 Rd8 29. Nd4 Ng6 30. Rd1 Ne5 31. Nf5+ Kg6 32. Rxd8 Kxf5
33. Ra8 a5 34. Ra6 Nc4 35. b3 Nd2 36. Rxb6 Ng4 37. Bh3 Nf3+ 38. Kh1 h5 39. Rb5+
Ke4 40. Bxg4 hxg4 41. Rxa5 Kd3 42. Rc5 Ke2 43. a4 Kxf2 44. Rf5 Ke3 45. Rxf3+
gxf3 0-1

[Event "Open de la Loire 2012-2013"]
[Site "Loire"]
[Date "2013.01.19"]
[Round "5.5"]
[White "Mazet, Christian"]
[Black "Fauvin, David"]
[Result "1-0"]
[WhiteElo "1639"]
[BlackElo "1540"]
[PlyCount "37"]
[EventDate "2013.??.??"]

1. d4 Nf6 2. c4 d5 3. cxd5 Nxd5 4. e4 Nb6 5. Nc3 e6 6. Nf3 Bb4 7. Bd3 h6 8. Be3
N8d7 9. Rc1 Nf6 10. O-O O-O 11. h3 c6 12. Qc2 Re8 13. Ne2 Nbd7 14. Nf4 e5 15.
dxe5 Nxe5 16. Nxe5 Rxe5 17. Rfd1 Qc7 18. Qb3 c5 19. Qxb4 1-0

[Event "Open de la Loire 2012-2013"]
[Site "Loire"]
[Date "2013.01.19"]
[Round "5.6"]
[White "Peyssonneaux, Norbert"]
[Black "Pradel, Philippe"]
[Result "1-0"]
[WhiteElo "1550"]
[BlackElo "1570"]
[PlyCount "62"]
[EventDate "2013.??.??"]

1. e4 d6 2. d4 g6 3. Be3 Bg7 4. Nc3 c6 5. Qd2 Nd7 6. Be2 b5 7. h4 Ngf6 8. Bf3
Nb6 9. e5 Nfd5 10. Nxd5 Nxd5 11. Bxd5 cxd5 12. Bh6 Bxh6 13. Qxh6 dxe5 14. dxe5
Qa5+ 15. c3 d4 16. Ne2 dxc3 17. bxc3 b4 18. Qe3 h5 19. O-O O-O 20. cxb4 Qxb4
21. Rab1 Qxh4 22. Rfd1 e6 23. Qf3 Ba6 24. Rd7 Qc4 25. Nc3 Qc8 26. Ne4 Kg7 27.
Qf6+ Kg8 28. Qe7 Qc2 29. Nf6+ Kg7 30. Ra1 Qf5 31. Re1 Rab8 1-0

[Event "Open de la Loire 2012-2013"]
[Site "Loire"]
[Date "2013.01.19"]
[Round "5.7"]
[White "Rasle, Jean-Michel"]
[Black "Guichard, Thomas"]
[Result "1-0"]
[WhiteElo "1660"]
[BlackElo "1499"]
[PlyCount "53"]
[EventDate "2013.??.??"]

1. d4 d5 2. c4 e6 3. Nc3 Nf6 4. Bg5 Be7 5. e3 O-O 6. Qc2 Nbd7 7. Nf3 h6 8. h4
Nb6 9. Ne5 c5 10. Ng6 fxg6 11. Qxg6 Ng4 12. Bd3 Bxg5 13. Qh7+ Kf7 14. Bg6+ Ke7
15. Qxg7+ Kd6 16. hxg5 hxg5 17. dxc5+ Kxc5 18. Qd4+ Kd6 19. Qxg4 Nxc4 20. Qg3+
Kc5 21. b3 Qf6 22. Qc7+ Kb4 23. a3+ Kxb3 24. Rb1+ Nb2 25. Bc2+ Kxa3 26. Qa5+
Na4 27. Qxa4# 1-0

[Event "Open de la Loire 2012-2013"]
[Site "Loire"]
[Date "2013.01.19"]
[Round "5.8"]
[White "Joly, Christian"]
[Black "Brachet, Gerard"]
[Result "1-0"]
[WhiteElo "1640"]
[BlackElo "1410"]
[PlyCount "87"]
[EventDate "2013.??.??"]

1. d4 d5 2. Nf3 Nf6 3. e3 c6 4. c4 e6 5. Bd3 g6 6. Qb3 b6 7. O-O Bg7 8. Qa3
Nbd7 9. Re1 a5 10. Nc3 Ba6 11. b3 Bf8 12. Qb2 c5 13. a4 Bg7 14. Qd2 O-O 15. Bb2
Qc7 16. e4 cxd4 17. Nxd4 Ng4 18. Nf3 Bd4 19. Rf1 Bc5 20. exd5 Bb7 21. Nb5 Qb8
22. Qc3 f6 23. h3 Nge5 24. Nxe5 Qxe5 25. Qc2 Qb8 26. dxe6 Ne5 27. Bxe5 fxe5 28.
Be4 Bxe4 29. Qxe4 Rf4 30. Qd5 Kg7 31. Rae1 Kf6 32. Qd7 Qg8 33. Qf7+ Qxf7 34.
exf7 Rf8 35. Nc7 Rf5 36. g4 Rg5 37. Rd1 Ke7 38. Nd5+ Kxf7 39. Nc7 Ke7 40. Kg2
h5 41. f3 hxg4 42. fxg4 e4 43. Rxf8 Kxf8 44. Ne6+ 1-0

[Event "Open de la Loire 2012-2013"]
[Site "Loire"]
[Date "2013.01.19"]
[Round "5.9"]
[White "Fournier, Gerald"]
[Black "Piper, Stephane"]
[Result "0-1"]
[WhiteElo "1499"]
[BlackElo "1636"]
[PlyCount "80"]
[EventDate "2013.??.??"]

1. e4 c5 2. Nc3 Nc6 3. d3 g6 4. Be3 Nd4 5. Nge2 Bg7 6. Nd5 Nxe2 7. Bxe2 Bxb2 8.
Rb1 Bd4 9. Bxd4 cxd4 10. O-O e6 11. Nf4 Ne7 12. g3 O-O 13. Qd2 b6 14. Nh3 d5
15. Qh6 f6 16. e5 Nf5 17. Qd2 fxe5 18. g4 Nd6 19. f4 exf4 20. Rxf4 Rxf4 21.
Qxf4 Qf8 22. Qxd4 Qg7 23. Qf2 e5 24. Qg3 Bb7 25. d4 Ne4 26. Qxe5 Qxe5 27. dxe5
Re8 28. Rb4 Rxe5 29. c4 d4 30. c5 Nxc5 31. Bc4+ Kg7 32. Bf1 d3 33. Rd4 Rd5 34.
Rb4 d2 35. Nf2 d1=Q 36. Nxd1 Rxd1 37. Rc4 Ba6 38. Rf4 Bxf1 39. Rxf1 Rxf1+ 40.
Kxf1 Kf6 0-1

[Event "Open de la Loire 2012-2013"]
[Site "Loire"]
[Date "2013.01.19"]
[Round "5.10"]
[White "Trottet, Francois"]
[Black "Minchilli, Franco"]
[Result "1-0"]
[WhiteElo "1470"]
[BlackElo "1620"]
[PlyCount "65"]
[EventDate "2013.??.??"]

1. d4 d5 2. e3 Bf5 3. c4 Nf6 4. Nc3 c6 5. Nf3 e6 6. h3 h6 7. Be2 Bb4 8. O-O
Nbd7 9. Nh4 Ne4 10. Nxf5 exf5 11. Nxe4 fxe4 12. cxd5 cxd5 13. a3 Ba5 14. b4 Bc7
15. Qb3 Nf6 16. Bb5+ Kf8 17. a4 Qd6 18. g3 Nh5 19. Kg2 Rd8 20. Be2 Nxg3 21. b5
Nxe2 22. Ba3 Kg8 23. Bxd6 Rxd6 24. Qc2 Rg6+ 25. Kh1 Ng3+ 26. fxg3 Bxg3 27. Qc8+
Kh7 28. Qxb7 Rb8 29. Qxd5 Rc8 30. Qxe4 Bb8 31. Rxf7 h5 32. Rg1 Kg8 33. Qxg6 1-0